LEADER 01070nam0-2200349---450- 001 990009291110403321 005 20110214092224.0 010 $a978-0-521-73740-1 035 $a000929111 035 $aFED01000929111 035 $a(Aleph)000929111FED01 035 $a000929111 100 $a20101202d2010----km-y0itay50------ba 101 0 $aeng 102 $aGB 105 $aa-------001yy 200 1 $a<>science and politics of global climate change$ea guide to the debate$fAndrew E. Dessler, Edward A. Parson 205 $a2nd ed. 210 $aCambridge$cCambridge University Press$d2010 215 $axvii, 211 p.$cill.$d25 cm 610 0 $aCambiamenti climatici 676 $a363.73874$v22$zita 700 1$aDessler,$bAndrew Emory$0509501 701 1$aParson,$bEdward$0509502 801 0$aIT$bUNINA$gREICAT$2UNIMARC 901 $aBK 912 $a990009291110403321 952 $aVII C 428$b46189$fFSPBC 952 $aDI XXXIII-128$b795$fDEC 959 $aFSPBC 996 $aScience and politics of global climate change$9770158 997 $aUNINA